000 00773npm a2200217 i 4500
001 5257
003 ES-MaACL
005 20230908152604.0
007 hzrazu bucu
008 900426r19901823po b 00010 por d
080 _a613
100 1 _aMello Franco, Francisco de.
_980002
245 1 0 _aElementos de hygiene :
_bou Dictames theoreticos, e practicos para conservar a Saude [
_hMicroforma] /
_cpelo... Francisco de Mello Franco.
260 _aMadrid :
_bAteneo Cientifico, Literario y Artistico,
_c1990.
300 _a1 microficha :
_bnegativo.
500 _aPublicado originalmente: Lisboa, Typ. da Academia, 1823, 3a ed.
650 4 _aObras de 1800.
_915662
852 _aES-MaACL
_jMCF-28
_95374
_cDEPO1
942 _2udc
_cMICROFORMA
999 _c5257
_d5257